| 000 | 00432nam a2200181Ia 4500 | ||
|---|---|---|---|
| 003 | GCL | ||
| 008 | 140319s9999 xx 000 0 eng d | ||
| 040 |
_aGCL / _cGCL |
||
| 082 | 0 | 4 |
_a786.2 _bT N |
| 100 | 1 | _aTODD, LARRY. | |
| 245 | 1 | 0 |
_aNINETEENTH - CENTURY PIANO MUSIC / _cTODD, LARRY. |
| 260 |
_a[S.N] : _bSCHIRMER BOOKS |
||
| 650 | 0 | 4 | _aPIANO |
| 650 | 0 | 4 | _aARTS |
| 650 | 0 | 4 | _aMUSIC |
| 650 | 0 | 4 | _aINSTRUMENTS |
| 942 |
_2ddc _cBK |
||
| 999 |
_c17222 _d17222 |
||